The American-Scandinavian review.

Bibliographic Details
New Title:Scandinavian review
Corporate Author: American-Scandinavian Foundation
Other Authors: Leach, Henry Goddard, 1880-1970 (Editor)
Format: Journal
Language:English
Published: New York : American-Scandinavian Foundation.
Subjects:
Online Availability: Check for online availability

MARC

Tag First Indicator Second Indicator Subfields
LEADER 00000cas a2200000 4500
001 in00001234968
005 20151003060922.0
008 760407d19131974nyuqr1p 0 a0eng d
010 |a  16023752  
019 |a 01480701  |a 01455578 
022 0 |a 0003-0910 
035 |a (OCoLC)02098065 
035 |9 AGS2935AM 
040 |a COO  |c COO  |d NSD  |d DLC  |d AIP  |d NSD  |d AIP  |d DLC  |d OCL  |d NST  |d HUL  |d UtOrBLW 
042 |a nsdp  |a lc 
043 |a ev-----  |a n-us--- 
049 |a TXAE 
050 0 0 |a AP2  |b .A457 
082 0 |a 948/.005 
210 0 |a Am.-Scand. rev. 
222 4 |a The American-Scandinavian review 
245 0 4 |a The American-Scandinavian review. 
264 1 |a New York :  |b American-Scandinavian Foundation. 
300 |a 62 volumes :  |b illustrations, color plates, portraits ;  |c 25 cm. 
310 |a Quarterly 
336 |a text  |b txt  |2 rdacontent 
337 |a unmediated  |b n  |2 rdamedia 
338 |a volume  |b nc  |2 rdacarrier 
362 0 |a v. 1-62; Jan. 1913-Dec. 1974. 
510 2 |a America, history and life  |x 0002-7065  |b 1954-1974 
510 2 |a Historical abstracts. Part A. Modern history abstracts  |x 0363-2717  |b 1954-1974 
510 2 |a Historical abstracts. Part B. Twentieth century abstracts  |x 0363-2725  |b 1954-1974 
510 2 |a Annual bibliography of English language and literature  |x 0066-3786 
510 0 |a International index  |x 0363-0382 
510 0 |a Public Affairs Information Service bulletin  |x 0033-3409 
500 |a Editor: 1913-<15> H. G. Leach. 
500 |a Title from cover. 
651 0 |a Scandinavia  |x Periodicals. 
650 0 |a Scandinavian Americans  |x Periodicals. 
700 1 |a Leach, Henry Goddard,  |d 1880-1970,  |e editor. 
710 2 |a American-Scandinavian Foundation. 
785 0 0 |t Scandinavian review  |x 0098-857X  |w (DLC) 75647098  |w (OCoLC)2243489 
948 |a T1 - Inactive Gift from Dr. J. Harner 
999 |a MARS 
999 f f |s ac376da6-bea7-31a7-99ca-abdb84e6ff4b  |i c36f92c8-7917-3906-9471-885ab9a4a9cb  |t 0 
952 f f |p ric  |a Texas A&M University  |b Rellis Campus  |c Joint Library Facility  |d Remote Storage  |t 0  |e AP2 .A457  |h Library of Congress classification  |i unmediated -- volume  |k v.62:no.2 -v.62:no.4  |l 1974-1974  |m A14821539273 
952 f f |p ric  |a Texas A&M University  |b Rellis Campus  |c Joint Library Facility  |d Remote Storage  |t 0  |e AP2 .A457  |h Library of Congress classification  |i unmediated -- volume  |k v.57  |l 1969  |m A14819037922 
952 f f |p ric  |a Texas A&M University  |b Rellis Campus  |c Joint Library Facility  |d Remote Storage  |t 0  |e AP2 .A457  |h Library of Congress classification  |i unmediated -- volume  |k v.56  |l 1968/1969  |m A14819400727 
952 f f |p ric  |a Texas A&M University  |b Rellis Campus  |c Joint Library Facility  |d Remote Storage  |t 0  |e AP2 .A457  |h Library of Congress classification  |i unmediated -- volume  |k v.55:no.3 -v.55:no.4  |l 1967-1967  |m A14821539396 
952 f f |p ric  |a Texas A&M University  |b Rellis Campus  |c Joint Library Facility  |d Remote Storage  |t 0  |e AP2 .A457  |h Library of Congress classification  |i unmediated -- volume  |k v.59  |l 1971/1972  |m A14819400777 
952 f f |p ric  |a Texas A&M University  |b Rellis Campus  |c Joint Library Facility  |d Remote Storage  |t 0  |e AP2 .A457  |h Library of Congress classification  |i unmediated -- volume  |k v.61  |l 1973/1974  |m A14819400874 
952 f f |p ric  |a Texas A&M University  |b Rellis Campus  |c Joint Library Facility  |d Remote Storage  |t 0  |e AP2 .A457  |h Library of Congress classification  |i unmediated -- volume  |k v.60  |l 1972/1973  |m A14819400824 
998 f f |a AP2 .A457  |s v.62:no.2-4 (1974:June-Dec.)  |t 0  |l Remote Storage